Geography Quiz

Random Geography or City Quiz

City Quiz: Sheffield Stats

 Plays Quiz not verified by Sporcle

Challenge
Share
Tweet
Embed
Score 0/30 Timer 10:00
0 Plays Today
Hint Answer % Correct
Official NameCity of Sheffield
95.5%
CountySouth Yorkshire
92.9%
Party In ControlLabour
91%
Major Football TeamSheffield United
91%
Major Football TeamSheffield Wednesday
90.9%
CurrencyPound Sterling
90%
Major UniversitySheffield Hallam University
87%
Major UniversityUniversity of Sheffield
84.7%
Large Shopping CentreMeadowhall
83.6%
Drives on the...Left
82.8%
Time ZoneGreenwich Mean Time
79.6%
London 2012 Poster Girl (from Sheffield)Jessica Ennis
79.6%
Main RiverDon
78.7%
Motorway served byM1
78.2%
ContinentEurope
75.7%
Hint Answer % Correct
CountryUnited Kingdom
75.2%
Largest Stadium (seats 39,732)Hillsborough Stadium
72.8%
World's first football clubSheffield F.C.
68.1%
Tram systemSupertram
57.8%
Secondary RiverSheaf
57.4%
Europe's ________ cityGreenest
49.5%
Large Urban GreenhouseWinter Garden
46.4%
No. of rivers in city7
33%
DemonymSheffielder
26.8%
Council LeaderJulia Dore
26%
Highest Point (548m)High Stones
22.5%
Secondary RiverLoxley
21.9%
Lord MayorJohn Campbell
20.7%
Lowest Point (29m)Blackburn Meadows
16.1%
Tallest building (101m)St Paul's Tower
13.6%

You're not logged in!

Compare scores with friends on all Sporcle quizzes.
Join for Free
OR
Log In

You Might Also Like...

Show Comments

Extras

Created Jan 22, 2011ReportNominate
Tags:City Quiz, sheffield, UK

Top Quizzes Today


Score Distribution

Your Account Isn't Verified!

In order to create a playlist on Sporcle, you need to verify the email address you used during registration. Go to your Sporcle Settings to finish the process.

Report this User

Report this user for behavior that violates our Community Guidelines.

Details: